| 000 | 00435nam a22001457a 4500 | ||
|---|---|---|---|
| 005 | 20250526151135.0 | ||
| 008 | 250526b |||||||| |||| 00| 0 eng d | ||
| 020 | _a998862655 | ||
| 050 |
_aDT 5104 _bK76S74 |
||
| 100 | _aSTEEGSTRA, MARIJKE | ||
| 245 |
_aDIPO _bAND THE POLITICS OF CULTURE IN GHANA _cMARIJIKE STEEGSTRA |
||
| 260 |
_aACCRA-NEWTOWN _bWOELI PUBLISHING SERVICES _cc2005 |
||
| 300 |
_axviii,; 347p;. _bills |
||
| 942 |
_2lcc _cBK _n0 |
||
| 999 |
_c5965 _d5965 |
||